00473 2200181 4500001002100000005001500021035002000036008004100056245002000097100001800117260004300135300001300178020002200191084001700213082001100230650002600241990002400267INLIS00000000000061420231121024746 a0010-0823000614231121 0 ind 1 aSejarah Madinah aNizar Abazhah aJakarta :bSerambi Ilmu Semesta,c2017 a509 hlm. a979-602-290-071-9 a2x9.12 ABA s a2x9.12 4aSejarah Nabi Muhammad a0266/STITINKA/01/23